[Event "13. Torneo San Viator"]
[Site "Madrid ESP"]
[Date "2009.10.11"]
[Round "3.9"]
[White "Takvor Mena, Samuel"]
[Black "Madurga Lopez, Ignacio"]
[Result "0-1"]
[WhiteElo "1604"]
[BlackElo "1821"]
[PlyCount "88"]
[EventDate "2009.09.27"]
[EventType "swiss"]
[EventRounds "9"]
[EventCountry "ESP"]
[Source "lmi"]
[SourceDate "2009.09.27"]

1. e4 c5 2. Nc3 d6 3. Bc4 g6 4. f4 Bg7 5. Nf3 Nc6 6. O-O e6 7. d3 Nge7 8. Qe1
Nd4 9. Bb3 Nxb3 10. axb3 O-O 11. Nh4 f5 12. Qg3 b6 13. Nf3 Bb7 14. Qh3 Qd7 15.
Bd2 b5 16. Rae1 b4 17. Nd1 Rae8 18. e5 Bxf3 19. Rxf3 Nc6 20. Qg3 Nd4 21. Rf2
Nxc2 22. Ref1 Nd4 23. Ne3 d5 24. Be1 Nxb3 25. Nc2 a5 26. Qe3 Qa7 27. Rf3 Ra8
28. Rh3 Rfc8 29. Bh4 d4 30. Qe2 c4 31. Bf2 c3 32. bxc3 bxc3 33. Na3 Nd2 34. Rc1
Qc5 35. Nc2 Nb3 36. Rb1 a4 37. Qf1 Rd8 38. Bh4 Rd7 39. Qe1 Nd2 40. Ra1 a3 41.
Ra2 Rb7 42. Bf2 Rb1 43. Qxb1 Nxb1 44. Bxd4 Qd5 0-1

[Event "13. Torneo San Viator"]
[Site "Madrid ESP"]
[Date "2009.10.11"]
[Round "3.10"]
[White "Nunez Alonso, Juan"]
[Black "Franco Rincon, David"]
[Result "0-1"]
[WhiteElo "1555"]
[BlackElo "1804"]
[PlyCount "56"]
[EventDate "2009.09.27"]
[EventType "swiss"]
[EventRounds "9"]
[EventCountry "ESP"]
[Source "lmi"]
[SourceDate "2009.09.27"]

1. e4 e5 2. Nf3 Nc6 3. Bc4 Bc5 4. c3 Nf6 5. d4 exd4 6. cxd4 Bb4+ 7. Nc3 d6 8.
O-O O-O 9. Bg5 h6 10. Bh4 Bg4 11. Be2 g5 12. Nxg5 Bxe2 13. Qxe2 hxg5 14. Bxg5
Nxd4 15. Qd3 Bxc3 16. bxc3 Ne6 17. Bh4 Kg7 18. Qg3+ Kh6 19. Qf3 Ng5 20. Bxg5+
Kxg5 21. h4+ Kh6 22. Qf4+ Kg7 23. Rfd1 Qe7 24. Rd3 Nh7 25. Rg3+ Kh8 26. Re1 Qf6
27. Qd2 Rg8 28. Rf3 Qxf3 0-1

[Event "13. Torneo San Viator"]
[Site "Madrid ESP"]
[Date "2009.10.11"]
[Round "3.11"]
[White "Sarabia Utrilla, Joaquin"]
[Black "Vidal Herrero-Vior, Pablo"]
[Result "1-0"]
[WhiteElo "1786"]
[BlackElo "1542"]
[PlyCount "89"]
[EventDate "2009.09.27"]
[EventType "swiss"]
[EventRounds "9"]
[EventCountry "ESP"]
[Source "lmi"]
[SourceDate "2009.09.27"]

1. d4 Nf6 2. c4 g6 3. Nc3 Bg7 4. e4 d6 5. f4 e5 6. fxe5 dxe5 7. d5 O-O 8. Nf3
Bg4 9. Be2 Bxf3 10. Bxf3 Nbd7 11. O-O a5 12. Bg5 Nc5 13. Be2 h6 14. Bxf6 Bxf6
15. Bg4 Bg5 16. Qf3 h5 17. Bxh5 gxh5 18. Qxh5 Be3+ 19. Kh1 Qg5 20. Qh3 Kg7 21.
Rf5 Qh6 22. Qg3+ Kh7 23. Qf3 Bg5 24. Rxe5 Qg6 25. h4 Bf6 26. Rh5+ Kg7 27. e5
Be7 28. d6 cxd6 29. exd6 Bf6 30. Nd5 Bd8 31. Nf4 Qxd6 32. Qg4+ Kf6 33. Rh6+ Ke7
34. Rxd6 Kxd6 35. Rd1+ Kc6 36. Nd3 Ne6 37. Ne5+ Kc7 38. Rd7+ Kb8 39. Nxf7 Ra6
40. Nd6 Rf1+ 41. Kh2 Rf4 42. Rxb7+ Ka8 43. Qxe6 Rxh4+ 44. Kg1 Rxd6 45. Qc8# 1-0

[Event "13. Torneo San Viator"]
[Site "Madrid ESP"]
[Date "2009.10.11"]
[Round "3.13"]
[White "Cepas Castillo, Juan Carlos"]
[Black "Galan Lorenzo, Jacinto"]
[Result "0-1"]
[WhiteElo "1602"]
[BlackElo "1755"]
[PlyCount "60"]
[EventDate "2009.09.27"]
[EventType "swiss"]
[EventRounds "9"]
[EventCountry "ESP"]
[Source "lmi"]
[SourceDate "2009.09.27"]

1. Nf3 d6 2. e4 e5 3. d4 exd4 4. Nxd4 Nf6 5. Nc3 Be7 6. Bg5 Nbd7 7. Be2 O-O 8.
f3 Nd5 9. Nxd5 Bxg5 10. f4 Bh4+ 11. g3 c6 12. Nc3 Bf6 13. Qd2 Re8 14. O-O-O Nb6
15. g4 c5 16. Ndb5 Bxc3 17. Nxc3 Qh4 18. h3 Rd8 19. Qe1 Qf6 20. Qd2 Be6 21. g5
Qe7 22. f5 Bc4 23. h4 Bxe2 24. Qxe2 d5 25. e5 d4 26. Ne4 Qxe5 27. Rhf1 Qd5 28.
Qg4 Qxa2 29. Nxc5 Nc4 30. Nd3 Qa1# 0-1

[Event "13. Torneo San Viator"]
[Site "Madrid ESP"]
[Date "2009.10.18"]
[Round "4.1"]
[White "Rosa Ramirez, Victor Diego"]
[Black "Noval Toldos, Francisco Javier"]
[Result "1-0"]
[WhiteElo "1909"]
[BlackElo "1923"]
[PlyCount "65"]
[EventDate "2009.09.27"]
[EventType "swiss"]
[EventRounds "9"]
[EventCountry "ESP"]
[Source "lmi"]
[SourceDate "2009.09.27"]

1. e4 c5 2. c3 Nf6 3. e5 Nd5 4. d4 cxd4 5. cxd4 e6 6. Bc4 d6 7. Bxd5 exd5 8. f4
dxe5 9. dxe5 Bc5 10. Nf3 Bf5 11. Bd2 Qb6 12. Qb3 Qxb3 13. axb3 Na6 14. Ke2 d4
15. Rc1 O-O 16. Na3 Rfc8 17. Nb5 d3+ 18. Ke1 Nb4 19. Nbd4 Bxd4 20. Nxd4 Nc2+
21. Rxc2 Rxc2 22. Nxf5 Rxb2 23. b4 a6 24. Rc1 Rc2 25. Nd6 b6 26. Kd1 Rxc1+ 27.
Bxc1 a5 28. b5 f6 29. e6 Ra7 30. Ba3 g6 31. Nc8 Rc7 32. Nxb6 Rb7 33. Nd5 1-0

[Event "13. Torneo San Viator"]
[Site "Madrid ESP"]
[Date "2009.10.18"]
[Round "4.2"]
[White "Maseda Iglesias, Luis"]
[Black "Salcedo Tornero, Pablo"]
[Result "0-1"]
[WhiteElo "1845"]
[BlackElo "2181"]
[PlyCount "62"]
[EventDate "2009.09.27"]
[EventType "swiss"]
[EventRounds "9"]
[EventCountry "ESP"]
[Source "lmi"]
[SourceDate "2009.09.27"]

1. d4 d6 2. c4 g6 3. Nc3 Bg7 4. e4 Nf6 5. Nf3 Nc6 6. h3 O-O 7. Bg5 Nd7 8. Qd2
f6 9. Bh6 e5 10. Bxg7 Kxg7 11. g4 a5 12. Rd1 exd4 13. Nxd4 Nde5 14. Be2 Qe8 15.
f4 Nxd4 16. Qxd4 Nc6 17. Qd2 b6 18. O-O Bb7 19. Bf3 Nd8 20. Nd5 Ne6 21. Bg2
Bxd5 22. exd5 Nc5 23. Rfe1 Qd7 24. Re3 Rae8 25. Rde1 Rxe3 26. Rxe3 Re8 27. Kf2
Kf7 28. Bf3 Rxe3 29. Qxe3 Qa4 30. Qc3 Qxa2 31. g5 Qxb2+ 0-1

[Event "13. Torneo San Viator"]
[Site "Madrid ESP"]
[Date "2009.10.18"]
[Round "4.3"]
[White "Tolosana Esteban, Enrique"]
[Black "Barahona Torrijos, Angel"]
[Result "0-1"]
[WhiteElo "1825"]
[BlackElo "1944"]
[PlyCount "94"]
[EventDate "2009.09.27"]
[EventType "swiss"]
[EventRounds "9"]
[EventCountry "ESP"]
[Source "lmi"]
[SourceDate "2009.09.27"]

1. e4 e5 2. Nf3 Nc6 3. Bb5 a6 4. Bxc6 dxc6 5. Nc3 Bc5 6. O-O Bg4 7. h3 h5 8. d3
Qf6 9. Be3 Bxe3 10. fxe3 Qh6 11. Qe1 Bxf3 12. Rxf3 O-O-O 13. Rxf7 h4 14. Qf2
Nf6 15. Qf5+ Kb8 16. Qxe5 Qxe3+ 17. Kh2 Nd7 18. Qf4 Qd4 19. Rf1 Rdf8 20. Qg5
Qd6+ 21. Kh1 Rxf7 22. Rxf7 Ne5 23. Qxg7 Nxf7 24. Qxf7 Rf8 25. e5 Rxf7 26. exd6
Rf1+ 27. Kh2 cxd6 28. Ne4 Kc7 29. Ng5 Kd7 30. Nf3 Ke7 31. Nxh4 Rf2 32. Kg3 Rxc2
33. Nf5+ Kf6 34. Nxd6 Rxb2 35. a3 Rb3 36. Ne4+ Kg7 37. Kf4 Rxa3 38. g4 Rxd3 39.
h4 a5 40. Kf5 a4 41. h5 a3 42. g5 Rd5+ 43. Ke6 Rxg5 44. Nxg5 a2 45. Nf7 a1=Q
46. h6+ Kg6 47. Ke7 Qf6+ 0-1

[Event "13. Torneo San Viator"]
[Site "Madrid ESP"]
[Date "2009.10.18"]
[Round "4.4"]
[White "Franco Rincon, David"]
[Black "Cabañas Bravo, Juan Andres"]
[Result "0-1"]
[WhiteElo "1804"]
[BlackElo "2099"]
[PlyCount "90"]
[EventDate "2009.09.27"]
[EventType "swiss"]
[EventRounds "9"]
[EventCountry "ESP"]
[Source "lmi"]
[SourceDate "2009.09.27"]

1. e4 e5 2. Nf3 Nc6 3. Bb5 a6 4. Bxc6 dxc6 5. O-O Qd6 6. Na3 Qe6 7. b3 Ne7 8.
Nc4 Ng6 9. Re1 Bc5 10. Bb2 f6 11. d4 Bb4 12. c3 Be7 13. dxe5 fxe5 14. Bc1 O-O
15. Ng5 Qf6 16. Be3 h6 17. Nf3 Bg4 18. Ncd2 Nh4 19. Kh1 Rad8 20. Qe2 Nxf3 21.
Nxf3 Bxf3 22. gxf3 Qxf3+ 23. Qxf3 Rxf3 24. Rg1 Kf7 25. Rad1 Rf6 26. Rxd8 Bxd8
27. Rd1 Rd6 28. Rd2 Kg6 29. Kg2 Bg5 30. Bxg5 Kxg5 31. Re2 Rd3 32. c4 Kf4 33. h3
g5 34. f3 c5 35. Rf2 h5 36. Rb2 a5 37. a3 h4 38. b4 cxb4 39. axb4 a4 40. Ra2 a3
41. b5 Rxf3 42. c5 Rb3 43. Rf2+ Kxe4 44. Re2+ Kd5 45. Kf1 Rb1+ 0-1

[Event "13. Torneo San Viator"]
[Site "Madrid ESP"]
[Date "2009.10.18"]
[Round "4.5"]
[White "Garcia-Ines Sanchez, Gustavo"]
[Black "Martin Mazuelo, Miguel Angel"]
[Result "0-1"]
[WhiteElo "1746"]
[BlackElo "1955"]
[PlyCount "66"]
[EventDate "2009.09.27"]
[EventType "swiss"]
[EventRounds "9"]
[EventCountry "ESP"]
[Source "lmi"]
[SourceDate "2009.09.27"]

1. e4 c5 2. Nf3 e6 3. b3 Nc6 4. Bb2 Nf6 5. Nc3 Be7 6. Bb5 Qc7 7. Qe2 a6 8. Bxc6
Qxc6 9. e5 Nd5 10. Nxd5 exd5 11. O-O O-O 12. Rac1 d6 13. d4 Bg4 14. h3 Bh5 15.
g4 Bg6 16. h4 Rae8 17. c4 Be4 18. Nd2 Bxh4 19. Nxe4 dxe4 20. d5 Qd7 21. Qxe4
dxe5 22. f3 Bg3 23. Kg2 Bf4 24. Rh1 f5 25. gxf5 Bxc1 26. f6 g6 27. Bxc1 Rxf6
28. Qh4 Rf7 29. Re1 Qf5 30. Re3 Qc2+ 31. Kg3 Qxc1 32. Rd3 Qg1+ 33. Kh3 Qf1+ 0-1

[Event "13. Torneo San Viator"]
[Site "Madrid ESP"]
[Date "2009.10.18"]
[Round "4.6"]
[White "Alonso Herrero, Ignacio"]
[Black "Sarabia Utrilla, Joaquin"]
[Result "1-0"]
[WhiteElo "1841"]
[BlackElo "1786"]
[PlyCount "105"]
[EventDate "2009.09.27"]
[EventType "swiss"]
[EventRounds "9"]
[EventCountry "ESP"]
[Source "lmi"]
[SourceDate "2009.09.27"]

1. e4 e5 2. Bc4 Nf6 3. d4 exd4 4. Nf3 Be7 5. e5 Ng4 6. h3 Nh6 7. Bxh6 gxh6 8.
Qxd4 Nc6 9. Qf4 Rf8 10. O-O Bg5 11. Nxg5 Qxg5 12. Qxg5 hxg5 13. Re1 Nd4 14. Na3
a6 15. c3 Ne6 16. Rad1 b5 17. Bd5 c6 18. Be4 h6 19. Nc2 Bb7 20. Ne3 O-O-O 21.
Nf5 h5 22. Nd6+ Kc7 23. b4 f6 24. Bg6 Nf4 25. Bc2 Nd5 26. Bb3 fxe5 27. Nxb7
Kxb7 28. Bxd5 cxd5 29. Rxe5 Rc8 30. Rd3 Rg8 31. Rexd5 Rc7 32. Rxd7 Rxd7 33.
Rxd7+ Kc6 34. Rd4 Re8 35. Kf1 Re5 36. f4 gxf4 37. Rxf4 Kd5 38. Kf2 Rg5 39. g4
hxg4 40. hxg4 Ke5 41. Ke3 Kd6 42. Rf6+ Kc7 43. Kf4 Rd5 44. Rxa6 Rd3 45. g5 Rxc3
46. g6 Kb7 47. Re6 Rc8 48. Ke5 Kc7 49. Kf6 Kd7 50. Kf7 Rc4 51. g7 Rg4 52. Rg6
Rf4+ 53. Rf6 1-0

[Event "13. Torneo San Viator"]
[Site "Madrid ESP"]
[Date "2009.10.18"]
[Round "4.9"]
[White "Fernandez del Rio, Sergio"]
[Black "Rubio Campos, Juan"]
[Result "1/2-1/2"]
[WhiteElo "1954"]
[BlackElo "1690"]
[PlyCount "104"]
[EventDate "2009.09.27"]
[EventType "swiss"]
[EventRounds "9"]
[EventCountry "ESP"]
[Source "lmi"]
[SourceDate "2009.09.27"]

1. d4 d5 2. c4 e6 3. Nc3 c5 4. cxd5 exd5 5. e3 Nf6 6. dxc5 Bxc5 7. Bb5+ Nc6 8.
Nge2 O-O 9. O-O a6 10. Ba4 Qd6 11. a3 b5 12. Bc2 Bb7 13. b4 Bb6 14. Bb2 Ne5 15.
Nd4 g6 16. Nce2 Nc4 17. Bc1 Bc7 18. g3 Rfe8 19. a4 Qxb4 20. axb5 a5 21. Rb1 Qd6
22. Ba4 Bb6 23. Nc6 Ne4 24. Bb3 Bxc6 25. Bxc4 Bb7 26. Bb3 Ng5 27. Nd4 Ne6 28.
Bb2 Nxd4 29. Bxd4 Bxd4 30. Qxd4 Re4 31. Qd3 Rb4 32. Rbd1 a4 33. Ba2 Rb2 34. Rd2
a3 35. Rb1 Qb4 36. Rdxb2 axb2 37. Qb3 Qxb3 38. Bxb3 Ra1 39. Bc2 Kf8 40. Kf1 Ke7
41. Ke2 Rxb1 42. Bxb1 Kd6 43. Kd2 Kc5 44. Kc3 Kxb5 45. Kxb2 Kc4 46. Kc2 Bc8 47.
Ba2+ Kc5 48. Kc3 Bf5 49. Bb3 h6 50. Bd1 g5 51. h4 g4 52. Be2 f6 1/2-1/2

[Event "13. Torneo San Viator"]
[Site "Madrid ESP"]
[Date "2009.10.18"]
[Round "4.12"]
[White "Galan Lorenzo, Jacinto"]
[Black "Takvor Mena, Samuel"]
[Result "0-1"]
[WhiteElo "1755"]
[BlackElo "1604"]
[PlyCount "80"]
[EventDate "2009.09.27"]
[EventType "swiss"]
[EventRounds "9"]
[EventCountry "ESP"]
[Source "lmi"]
[SourceDate "2009.09.27"]

1. e4 e5 2. Nf3 Nc6 3. d4 d6 4. dxe5 dxe5 5. Qxd8+ Kxd8 6. Bc4 f6 7. Be3 Bd6 8.
Nbd2 Nge7 9. O-O-O Bg4 10. h3 Bh5 11. g4 Bg6 12. Nh4 Kd7 13. Nxg6 hxg6 14. Nb3
b6 15. f4 exf4 16. Bxf4 g5 17. Bg3 Rad8 18. Bxd6 cxd6 19. Nd4 Nxd4 20. Rxd4 Ng6
21. Rd2 Ne5 22. Bd5 Nxg4 23. b4 Rc8 24. Kb2 Ne3 25. Kb3 Nxd5 26. exd5 Rce8 27.
Rd3 Re5 28. a4 g4 29. c4 f5 30. Rg1 Re4 31. hxg4 fxg4 32. Rdg3 Rh4 33. b5 g5
34. Kb4 Ke7 35. Rc1 Rh3 36. Rcc3 Rxg3 37. Rxg3 Kf6 38. Rc3 Kf5 39. a5 Kf4 40.
axb6 axb6 0-1

[Event "13. Torneo San Viator"]
[Site "Madrid ESP"]
[Date "2009.10.18"]
[Round "4.16"]
[White "Sanz Morinigo, Francisco Javier"]
[Black "Castro Uceda, Jose Antonio"]
[Result "1-0"]
[WhiteElo "1736"]
[BlackElo "1715"]
[PlyCount "55"]
[EventDate "2009.09.27"]
[EventType "swiss"]
[EventRounds "9"]
[EventCountry "ESP"]
[Source "lmi"]
[SourceDate "2009.09.27"]

1. e4 c5 2. Nf3 d6 3. d4 cxd4 4. Nxd4 Nf6 5. Nc3 a6 6. Bc4 b5 7. Bb3 Bb7 8. f3
e5 9. Nf5 g6 10. Ne3 Qb6 11. Ned5 Nxd5 12. Bxd5 Nc6 13. Bxc6+ Bxc6 14. Qe2 Bg7
15. Be3 Qb7 16. Rd1 Rd8 17. Nd5 Bxd5 18. Rxd5 O-O 19. O-O Rd7 20. Rfd1 Rfd8 21.
R1d3 b4 22. Qd2 Qc6 23. c3 bxc3 24. Rxc3 Qb7 25. Rb3 Qc6 26. Rb6 Qa4 27. b3 Qa3
28. Ra5 1-0

[Event "13. Torneo San Viator"]
[Site "Madrid ESP"]
[Date "2009.10.25"]
[Round "5.1"]
[White "Barahona Torrijos, Angel"]
[Black "Rosa Ramirez, Victor Diego"]
[Result "0-1"]
[WhiteElo "1944"]
[BlackElo "1909"]
[PlyCount "55"]
[EventDate "2009.09.27"]
[EventType "swiss"]
[EventRounds "9"]
[EventCountry "ESP"]
[Source "lmi"]
[SourceDate "2009.09.27"]

1. e4 e6 2. d4 d5 3. Nc3 Nf6 4. e5 Nfd7 5. Nce2 c5 6. c3 cxd4 7. cxd4 f6 8. Nf4
Bb4+ 9. Bd2 Qb6 10. Nf3 fxe5 11. dxe5 O-O 12. g3 Nc6 13. Bd3 Bxd2+ 14. Qxd2
Ncxe5 15. Bxh7+ Kxh7 16. Ng5+ Kg8 17. O-O-O Nc5 18. Qc2 Ne4 19. Nxe4 dxe4 20.
Qxe4 Qc6+ 21. Qxc6 Nxc6 22. Rhe1 e5 23. Ng6 Rxf2 24. Nxe5 Nxe5 25. Rd8+ Rf8 26.
Rxf8+ Kxf8 27. Rxe5 Bd7 28. h3 0-1

[Event "13. Torneo San Viator"]
[Site "Madrid ESP"]
[Date "2009.10.25"]
[Round "5.2"]
[White "Salcedo Tornero, Pablo"]
[Black "Cabañas Bravo, Juan Andres"]
[Result "1/2-1/2"]
[WhiteElo "2181"]
[BlackElo "2099"]
[PlyCount "181"]
[EventDate "2009.09.27"]
[EventType "swiss"]
[EventRounds "9"]
[EventCountry "ESP"]
[Source "lmi"]
[SourceDate "2009.09.27"]

1. g3 Nf6 2. Bg2 d5 3. d3 g6 4. Nf3 Bg7 5. O-O O-O 6. c3 c5 7. Bg5 Nc6 8. Qd2
Qb6 9. Na3 Rd8 10. Rab1 Bf5 11. Nh4 Bg4 12. h3 Be6 13. Kh2 c4 14. Bh6 Ne5 15.
Bxg7 Kxg7 16. d4 Ned7 17. f4 Bf5 18. Nxf5+ gxf5 19. Nc2 Nf8 20. Ne3 Qe6 21. Rf3
Ne4 22. Qc2 Qg6 23. g4 fxg4 24. hxg4 Kh8 25. Rh3 Nf2 26. Qxg6 Nxg6 27. Rh6 Nxf4
28. Rf1 Nxg2 29. Kxg2 Ne4 30. Rxf7 Ng5 31. Rf5 Kg7 32. Rh1 h6 33. Rxd5 Rxd5 34.
Nxd5 e6 35. Nc7 Rc8 36. Nb5 Rc6 37. Na3 Ra6 38. Kg3 Ne4+ 39. Kf3 Nxc3 40. Nxc4
Nxa2 41. e3 Nb4 42. Ne5 Ra2 43. Rc1 Rxb2 44. Rc7+ Kf6 45. Rxb7 a5 46. Nc6 Nd3
47. Rxb2 Nxb2 48. Nxa5 Nd3 49. Nc4 Nb4 50. Ne5 Na2 51. Kf4 Nc3 52. Nd7+ Ke7 53.
Nb6 Kf6 54. e4 Ne2+ 55. Ke3 Nc3 56. Nd7+ Kg5 57. Nf8 Kf6 58. Kd3 Nd1 59. Ke2
Nc3+ 60. Kf3 Nb5 61. Ke3 Nc3 62. e5+ Kf7 63. Nd7 Nd5+ 64. Kf3 Ne7 65. Nb6 Nc6
66. Ke4 Ne7 67. d5 exd5+ 68. Nxd5 Nc6 69. Nf4 Ne7 70. Kd4 Nc8 71. Kc5 Ke7 72.
Kc6 Na7+ 73. Kd5 Nb5 74. Ke4 Kf7 75. Ne2 Nc7 76. Nd4 Kg6 77. Nf3 Ne6 78. Kd5
Nf4+ 79. Kd6 Kf7 80. Nd4 h5 81. gxh5 Nxh5 82. e6+ Ke8 83. Nf5 Nf6 84. Ng3 Ng4
85. Nh5 Kf8 86. Kd7 Ne5+ 87. Kd6 Nc4+ 88. Kd7 Ne5+ 89. Kd8 Nf7+ 90. Kd7 Ne5+
91. Kd6 1/2-1/2

[Event "13. Torneo San Viator"]
[Site "Madrid ESP"]
[Date "2009.10.25"]
[Round "5.3"]
[White "Martin Mazuelo, Miguel Angel"]
[Black "Alonso Herrero, Ignacio"]
[Result "1-0"]
[WhiteElo "1955"]
[BlackElo "1841"]
[PlyCount "97"]
[EventDate "2009.09.27"]
[EventType "swiss"]
[EventRounds "9"]
[EventCountry "ESP"]
[Source "lmi"]
[SourceDate "2009.09.27"]

1. b3 d5 2. Bb2 Nc6 3. e3 Nf6 4. f4 d4 5. exd4 Qd6 6. Bb5 Qxf4 7. Bxc6+ bxc6 8.
Qf3 Qxf3 9. Nxf3 Bf5 10. d3 e6 11. Ne5 c5 12. O-O Nd5 13. Nc4 Be7 14. a3 Rb8
15. Nbd2 O-O 16. Nf3 Nf4 17. Nfe5 Nxd3 18. Nc6 Bf6 19. Nxb8 Rxb8 20. cxd3 Bxd3
21. Rxf6 gxf6 22. Nd2 c4 23. b4 a5 24. Bc3 a4 25. Rc1 Rb6 26. Ba1 Rc6 27. Nb1
Kf8 28. Nc3 Ke7 29. Bb2 Ra6 30. Nd1 h6 31. Nf2 Be2 32. Rc2 Bd3 33. Nxd3 cxd3
34. Rxc7+ Kd6 35. Rc3 d2 36. Rd3 Kd5 37. Rxd2 Rc6 38. Kf2 f5 39. Ke3 Rc8 40.
Kd3 Rg8 41. Rc2 f4 42. Bc1 Rg4 43. b5 e5 44. dxe5 Kxe5 45. b6 Rg8 46. b7 Rb8
47. Rb2 Rd8+ 48. Ke2 Rb8 49. Kf3 1-0

[Event "13. Torneo San Viator"]
[Site "Madrid ESP"]
[Date "2009.10.25"]
[Round "5.4"]
[White "Noval Toldos, Francisco Javier"]
[Black "Madurga Lopez, Ignacio"]
[Result "1-0"]
[WhiteElo "1923"]
[BlackElo "1821"]
[PlyCount "61"]
[EventDate "2009.09.27"]
[EventType "swiss"]
[EventRounds "9"]
[EventCountry "ESP"]
[Source "lmi"]
[SourceDate "2009.09.27"]

1. e4 c5 2. Nf3 d6 3. d4 cxd4 4. Nxd4 Nf6 5. Nc3 a6 6. Be2 e5 7. Nb3 Be7 8. O-O
O-O 9. Be3 Be6 10. a4 Qc7 11. a5 Nbd7 12. Nd5 Nxd5 13. exd5 Bf5 14. c4 Bg6 15.
f4 exf4 16. Bxf4 b6 17. Qd2 Rfb8 18. Nd4 Bf6 19. Nc6 Rb7 20. Ra2 Ne5 21. Bxe5
dxe5 22. b4 bxa5 23. Nxa5 Rbb8 24. c5 Rd8 25. d6 Qd7 26. Rd1 Be4 27. Qe3 Bc6
28. Nxc6 Qxc6 29. Bf3 e4 30. Bxe4 Bg5 31. Qd3 1-0

[Event "13. Torneo San Viator"]
[Site "Madrid ESP"]
[Date "2009.10.25"]
[Round "5.5"]
[White "Maseda Iglesias, Luis"]
[Black "Cano Cabanillas, Javier"]
[Result "0-1"]
[WhiteElo "1845"]
[BlackElo "1968"]
[PlyCount "86"]
[EventDate "2009.09.27"]
[EventType "swiss"]
[EventRounds "9"]
[EventCountry "ESP"]
[Source "lmi"]
[SourceDate "2009.09.27"]

1. d4 Nf6 2. c4 e5 3. dxe5 Ng4 4. Bf4 Nc6 5. Nf3 Bb4+ 6. Nbd2 Qe7 7. e3 Ngxe5
8. Nxe5 Nxe5 9. a3 Bxd2+ 10. Qxd2 d6 11. Be2 O-O 12. O-O Bd7 13. Bxe5 dxe5 14.
b4 Rad8 15. Qc2 Bc6 16. Rfd1 Qg5 17. g3 b6 18. Rxd8 Rxd8 19. Rd1 Rf8 20. b5 Be8
21. Qe4 Qe7 22. Rd5 f6 23. Qd3 c6 24. bxc6 Bxc6 25. Rd6 Be8 26. Bf3 Bg6 27. Qd2
Kh8 28. Bc6 Bf5 29. Qd5 Rc8 30. Bb7 Rb8 31. Ba6 Be4 32. Qd1 h6 33. a4 Bf3 34.
Qd2 Qe8 35. Bb5 Qg6 36. Qc1 Qf5 37. Bd7 Qh5 38. Be6 f5 39. Qf1 Bg4 40. Rd5 Re8
41. Rd6 Rxe6 42. Rxe6 Bh3 43. Re8+ Kh7 0-1

[Event "13. Torneo San Viator"]
[Site "Madrid ESP"]
[Date "2009.10.25"]
[Round "5.7"]
[White "Sarabia Utrilla, Joaquin"]
[Black "Tolosana Esteban, Enrique"]
[Result "0-1"]
[WhiteElo "1786"]
[BlackElo "1825"]
[PlyCount "100"]
[EventDate "2009.09.27"]
[EventType "swiss"]
[EventRounds "9"]
[EventCountry "ESP"]
[Source "lmi"]
[SourceDate "2009.09.27"]

1. d4 Nf6 2. c4 e6 3. Nc3 Bb4 4. a3 Bxc3+ 5. bxc3 b6 6. f3 h6 7. e4 d6 8. Bd3
e5 9. d5 Nbd7 10. Ne2 Nc5 11. O-O O-O 12. Ng3 a5 13. f4 Bg4 14. Be2 Bxe2 15.
Qxe2 exf4 16. Bxf4 Re8 17. Qf3 Ncxe4 18. Rae1 Nxg3 19. hxg3 Qd7 20. Bxh6 Qg4
21. Bf4 Qh5 22. Qxh5 Nxh5 23. Kf2 Nf6 24. Kf3 Kf8 25. g4 Rxe1 26. Rxe1 Re8 27.
Rxe8+ Kxe8 28. g5 Nd7 29. Ke4 Nc5+ 30. Kd4 a4 31. g4 Nd7 32. Ke4 Nc5+ 33. Kd4
Nb7 34. Be3 Kf8 35. Ke4 Kg8 36. g6 f6 37. g5 Na5 38. gxf6 gxf6 39. Kf5 Nxc4 40.
Bc1 Kg7 41. Ke6 Kxg6 42. Kd7 Kf5 43. Kxc7 Ke4 44. Kc6 f5 45. Kb5 Kxd5 46. Kxa4
Ke4 47. Kb5 Kd3 48. Kb4 Nd2 49. c4 f4 50. Kb5 f3 0-1

[Event "13. Torneo San Viator"]
[Site "Madrid ESP"]
[Date "2009.10.25"]
[Round "5.8"]
[White "Nunez Alonso, Juan"]
[Black "Fernandez del Rio, Sergio"]
[Result "0-1"]
[WhiteElo "1555"]
[BlackElo "1954"]
[PlyCount "82"]
[EventDate "2009.09.27"]
[EventType "swiss"]
[EventRounds "9"]
[EventCountry "ESP"]
[Source "lmi"]
[SourceDate "2009.09.27"]

1. e4 c5 2. Nf3 d6 3. g3 Nc6 4. Bg2 g6 5. O-O Bg7 6. c3 Nf6 7. d3 O-O 8. a3 a5
9. a4 c4 10. Na3 cxd3 11. Qxd3 d5 12. exd5 Qxd5 13. Rd1 Qxd3 14. Rxd3 Bf5 15.
Rd1 Bg4 16. h3 Be6 17. Nd4 Nxd4 18. Rxd4 Nd7 19. Rd2 Nc5 20. Re2 Rad8 21. Be3
Nxa4 22. Nb5 Bc4 23. Nd4 Bxe2 24. Rxa4 Bxd4 25. Bxd4 b5 26. Rxa5 b4 27. Re5 Bc4
28. Rxe7 b3 29. Re1 Rfe8 30. Re3 Rxe3 31. fxe3 f5 32. Kf2 Rd6 33. Bf1 Bxf1 34.
Kxf1 Ra6 35. Bc5 Ra2 36. Ke2 Rxb2+ 37. Kd1 Rg2 38. Kc1 Rxg3 39. Kb2 Rxh3 40.
Kxb3 Kf7 41. c4 f4 0-1

[Event "13. Torneo San Viator"]
[Site "Madrid ESP"]
[Date "2009.10.25"]
[Round "5.9"]
[White "Takvor Mena, Samuel"]
[Black "Franco Rincon, David"]
[Result "1-0"]
[WhiteElo "1604"]
[BlackElo "1804"]
[PlyCount "139"]
[EventDate "2009.09.27"]
[EventType "swiss"]
[EventRounds "9"]
[EventCountry "ESP"]
[Source "lmi"]
[SourceDate "2009.09.27"]

1. e4 e5 2. f4 Bc5 3. Nf3 d6 4. Nc3 Nc6 5. Bc4 Nf6 6. d3 Ng4 7. Qe2 Nd4 8. Nxd4
Bxd4 9. g3 Bf2+ 10. Kd1 Bd4 11. Rf1 h5 12. h3 Nf6 13. f5 c6 14. Bg5 Bd7 15. Kd2
Bxc3+ 16. bxc3 Nxe4+ 17. dxe4 Qxg5+ 18. Qe3 Qf6 19. a4 b6 20. Bb3 O-O-O 21. a5
Kb7 22. Rfb1 b5 23. c4 Rc8 24. cxb5 cxb5 25. Bd5+ Ka6 26. c4 Rc5 27. cxb5+ Bxb5
28. Rxb5 Rxb5 29. Bc4 Rhb8 30. Rb1 Qd8 31. Qd3 Qxa5+ 32. Ke2 R8b6 33. Rb2 Kb7
34. Rxb5 Rxb5 35. Bxb5 Qb6 36. Qd5+ Kb8 37. Qc6 Qd4 38. Qe8+ Kc7 39. Qd7+ Kb6
40. Qc6+ Ka5 41. Qa6+ Kb4 42. Qa4+ Kc5 43. Qxd4+ Kxd4 44. Kf3 a5 45. g4 hxg4+
46. hxg4 f6 47. Bc6 Kc5 48. Bd5 a4 49. Ke3 Kb4 50. Kd3 a3 51. Ba2 Kc5 52. Kc3
Kb5 53. Bc4+ Kc5 54. Bd5 Kb5 55. Kb3 a2 56. Kxa2 Kc5 57. Kb3 Kd4 58. Kb4 Ke3
59. Kb5 Kf4 60. Kc6 Kxg4 61. Kxd6 Kg5 62. Ke6 Kh6 63. Kf7 Kh7 64. Kf8 g5 65.
fxg6+ Kxg6 66. Be6 f5 67. Bxf5+ Kf6 68. Ke8 Kg5 69. Ke7 Kf4 70. Ke6 1-0

[Event "13. Torneo San Viator"]
[Site "Madrid ESP"]
[Date "2009.10.25"]
[Round "5.12"]
[White "Rodriguez Alonso, Marcos"]
[Black "Molina Garcia, Francisco Javier"]
[Result "0-1"]
[WhiteElo "1480"]
[BlackElo "1866"]
[PlyCount "72"]
[EventDate "2009.09.27"]
[EventType "swiss"]
[EventRounds "9"]
[EventCountry "ESP"]
[Source "lmi"]
[SourceDate "2009.09.27"]

1. e4 c5 2. Nf3 d6 3. d4 cxd4 4. Nxd4 Nf6 5. Nc3 a6 6. Be2 e5 7. Nf3 Be7 8. O-O
O-O 9. Bg5 Nbd7 10. Re1 b5 11. Nd5 Bb7 12. Nxe7+ Qxe7 13. Bd3 Rfe8 14. c4 bxc4
15. Bxc4 h6 16. Bxf6 Nxf6 17. Bd3 Qd7 18. Qb3 d5 19. Nd2 Rab8 20. Qa3 Rbd8 21.
Bc2 dxe4 22. Rad1 e3 23. Rxe3 Qc6 24. Nf3 Qxc2 25. Rxd8 Rxd8 26. h3 e4 27. Nh4
Rd1+ 28. Kh2 Qc7+ 29. g3 Qc1 30. g4 Rh1+ 31. Kg3 Qg1+ 32. Kf4 Qh2+ 33. Rg3
Qxf2+ 34. Ke5 Rd1 35. Rd3 Rxd3 36. Qxd3 exd3 0-1